| 000 | 00654nam a22002297a 4500 | ||
|---|---|---|---|
| 999 |
_c31143 _d31141 |
||
| 003 | OSt | ||
| 005 | 20181030111722.0 | ||
| 008 | 181030b ||||| |||| 00| 0 eng d | ||
| 020 | _a0310594308 (alk. paper) | ||
| 040 |
_aMMU _cMMU _dMMU _beng |
||
| 050 | 0 | 0 |
_aBV4817 _b.C73 1993 |
| 082 | 0 | 0 |
_a248.4 _220 |
| 100 | 1 |
_aCrabb, Larry, _d1944- |
|
| 245 | 1 | 0 |
_aFinding God / _cLarry Crabb, Jr. |
| 260 |
_aGrand Rapids, Mich. : _bZondervan Pub. House, _cc1993. |
||
| 300 |
_a217 p. : _bill. ; _c25 cm. |
||
| 600 | 1 | 0 |
_aCrabb, Larry, _d1944- |
| 650 | 0 | _aDesire for God. | |
| 650 | 0 | _aApologetics. | |
| 650 | 0 |
_aConversion _xChristianity. |
|
| 942 |
_2lcc _cLOAN LOAN |
||